00328nam a2200133 a 45000010010000000030011000100080041000210350026000620820013000881000012001012450027001132600037001406500017001770000-8651ELIB.Books110520 1995  a(ELIB.Books)0000-8797 a30 bAlm aAlmanac aThe World Almanac 1995 bNew Jersey: World Almanac c1995 aWorld Almanc